| 000 | 01278nam a22003617a 4500 | ||
|---|---|---|---|
| 003 | CHAP | ||
| 005 | 20220329134426.0 | ||
| 008 | 971013s r 00010 d | ||
| 010 | _a20304 | ||
| 011 | _a21276 | ||
| 035 | _a25366 | ||
| 040 | _cCHAP | ||
| 090 | _aTesis | ||
| 100 | 0 | 0 |
_aArcega Barajas, Jose Armando. _96780 |
| 245 | _aEstudio de los efectos del ácido indolbutírico y prácticas de vivero en el enraizamiento de estacas de zarzamora (Rubus sp.) | ||
| 260 |
_aChapingo, Méx., : _bEl autor, _c(s.a.) |
||
| 300 |
_a70 h. _b; grafs |
||
| 502 | _aTesis (Ing. Agr. Esp. en Zonas Aridas) -- UACH. Departamento de Zonas Aridas | ||
| 590 |
_aALEPH _b10 _c20130110 _lUCH01 _h1243 |
||
| 590 |
_aBATCH-UPD _b10 _c20130110 _lUCH01 _h1602 |
||
| 590 |
_aBATCH-UPD _b10 _c20130410 _lUCH01 _h0958 |
||
| 590 |
_aBATCH-UPD _b10 _c20130914 _lUCH01 _h0341 |
||
| 590 |
_aCONVERSION _b10 _c20130109 _lUCH01 _h1312 |
||
| 650 | 1 | 4 |
_aAcido indolbutírico. _9590 |
| 650 | 1 | 4 |
_aPlantas _xCrecimiento _xAditivos. _988804 |
| 650 | 1 | 4 |
_aPropagación de plantas. _992417 |
| 650 | 1 | 4 |
_aZarzamora. _9123730 |
| 901 | _aBK | ||
| 942 | _cFOLL | ||
| 949 |
_bBC _cTES _d-58463 _eTS1 _i25366 _si |
||
| 949 |
_bBC _cTES _d-58464 _eTS2 _fc.2 _i25366 _si |
||
| 949 |
_bBC _cTES _d-58465 _eTS2 _fc.3 _h22092 _i25366 _si |
||
| 999 |
_c20304 _d20304 |
||